MARC

LEADER 00000nam0a2200000 4500
001 93867
005 20231031105424.0
035 |a (RuTPU)RU\TPU\book\100539 
090 |a 93867 
100 |a 20060404d1983 m y0rusy50 ca 
101 0 |a rus 
102 |a RU 
105 |a a z 001zy 
200 1 |a Гальваномагнитные приборы  |f И. М. Викулин, Л. Ф. Викулина, В. И. Стафеев 
210 |a Москва  |c Радио и связь  |d 1983 
215 |a 104 с.  |c ил. 
225 1 |a Массовая библиотека инженера "Электроника"  |v вып. 38 
320 |a Библиогр.: с. 96-99. 
610 1 |a гальваномагнитные явления 
610 1 |a полупроводники 
610 1 |a полупроводниковые приборы 
610 1 |a физика 
610 1 |a магнитодиоды 
675 |a 621.382  |v 3 
700 1 |a Викулин  |b И. М.  |g Иван Михайлович 
701 1 |a Викулина  |b Л. Ф.  |g Лидия Фёдоровна 
701 1 |a Стафеев  |b В. И.  |g Виталий Иванович 
801 1 |a RU  |b 63413507  |c 20060404  |g PSBO 
801 2 |a RU  |b 63413507  |c 20151013  |g PSBO 
942 |c BK